| 000 | 01586cam a22003251i 4500 | ||
|---|---|---|---|
| 001 | gs 06000776 | ||
| 003 | DLC | ||
| 005 | 20260227111304.0 | ||
| 008 | 790302s1906 dcu f001 0 eng | ||
| 010 | _ags 06000776 | ||
| 035 | _a(OCoLC)4707760 | ||
| 040 |
_aDLC _cICharE _dOCoLC _dDLC |
||
| 042 | _apremarc | ||
| 043 | _an-us-mo | ||
| 050 | 0 | 0 |
_aTP328 _b.A5 1906b |
| 110 | 2 | _aGeological Survey (U.S.) | |
| 245 | 1 | 0 |
_aPreliminary report on the operations of the fuel-testing plant of the United States Geological survey at St. Louis, Mo., 1905. / _cJoseph A. Holmes in charge. |
| 260 |
_aWashington : _bGovt. Print. Off., _c1906. |
||
| 300 |
_a 240, iv p. ; _c24 cm. |
||
| 490 | 1 |
_aU.S. Geological survey. Bulletin _vno. 290 |
|
| 500 | _aSubject series: A, Economic geology, 79; E, Chemistry and physics, 48. | ||
| 500 | _aIssued also as House doc. no. 838, 59th Cong., 1st sess. | ||
| 500 | _a"Literature relating to peat and its utilization" : p. 11-15. | ||
| 500 | _a"Partial bibliography of briquetting" : p. 48-52. | ||
| 500 | _aContents.- Introduction, by J. A. Holmes.- Field work, by E. W. Parker and J. Shober Burrows.- Work of the chemical laboratory, by N. W. Lord.- Washing tests, by John D. Wick.- Steaming tests, by L. P. Breckenridge.-Producer-gas tests, by Robert H. Fernald.- Coking tests, by A. W. Belden.-Briquetting tests, by J. A. Holmes.- Detailed report of tests. | ||
| 500 | _aIncludes index. | ||
| 650 | 0 |
_aCoal _xTesting. |
|
| 700 | 1 |
_aHolmes, J. A. _q(Joseph Austin), _d1859-1915. |
|
| 810 | 2 |
_aGeological Survey (U.S.). _tBulletin ; _vno. 290. |
|
| 999 |
_c24473 _d24473 |
||